Online
Catalog

Biblioteca Alejandro Herrera Rodríguez : (Record no. 58153)

MARC details
000 -CABECERA
campo de control de longitud fija 01689nam a2200385 i 4500
003 - IDENTIFICADOR DEL NÚMERO DE CONTROL
campo de control DO-SdBNP
005 - FECHA Y HORA DE LA ÚLTIMA TRANSACCIÓN
campo de control 20250414085641.0
007 - CAMPO FIJO DE DESCRIPCIÓN FÍSICA--INFORMACIÓN GENERAL
campo de control de longitud fija ta
008 - DATOS DE LONGITUD FIJA--INFORMACIÓN GENERAL
campo de control de longitud fija 250220b2024 dr acd|| |||| 00| 0 spa d
020 ## - NÚMERO INTERNACIONAL ESTÁNDAR DEL LIBRO
Número Internacional Estándar del Libro 9789945598261
040 ## - FUENTE DE LA CATALOGACIÓN
Centro catalogador/agencia de origen Do-SdBNP
Lengua de catalogación spa
Centro/agencia transcriptor BNPHU
Normas de descripción rda
041 ## - CÓDIGO DE LENGUA
Código de lengua del texto/banda sonora o título independiente spa
082 #4 - NÚMERO DE LA CLASIFICACIÓN DECIMAL DEWEY
Número de clasificación 027.1
Número de documento/Ítem C697b
Número de edición 22
100 1# - ENTRADA PRINCIPAL--NOMBRE DE PERSONA
Nombre de persona Collado, Sabrina,
Fechas asociadas al nombre 1979-
Término indicativo de función/relación autor
Código de función/relación aut.
9 (RLIN) 87000
245 10 - MENCIÓN DE TÍTULO
Título Biblioteca Alejandro Herrera Rodríguez :
Resto del título aproximaciones a la automatización de una biblioteca privada o particular /
Mención de responsabilidad, etc. Sabrina Collado ; prólogo, Reynaldo R. Espinal ; presentación, Alejandro Herrera Rodríguez
250 ## - MENCIÓN DE EDICIÓN
Mención de edición Primera edición
264 #1 - PRODUCCIÓN, PUBLICACIÓN, DISTRIBUCIÓN, FABRICACIÓN Y COPYRIGHT
Producción, publicación, distribución, fabricación y copyright Santo Domingo :
Nombre del de productor, editor, distribuidor, fabricante Editorial Argos,
Fecha de producción, publicación, distribución, fabricación o copyright 2024.
300 ## - DESCRIPCIÓN FÍSICA
Extensión 205 páginas :
Otras características físicas ilustraciones, retratos y gráficos ;
Dimensiones 22 cm.
336 ## - TIPO DE CONTENIDO
Término de tipo de contenido texto
Código de tipo de contenido txt
Fuente rdacontent
337 ## - TIPO DE MEDIO
Nombre/término del tipo de medio sin mediación
Código del tipo de medio n
Fuente rdamedia
338 ## - TIPO DE SOPORTE
Nombre/término del tipo de soporte volumen
Código del tipo de soporte nc
Fuente rdacarrier
500 ## - NOTA GENERAL
Nota general Incluye referencias bibliográficas y notas al pie de las páginas
500 ## - NOTA GENERAL
Nota general Incluye datos biográficos en las páginas 204-205
504 ## - NOTA DE BIBLIOGRAFÍA, ETC.
Nota de bibliografía, etc. Bibliografía : páginas 199-203
590 ## - NOTA LOCAL (RLIN)
Nota local Inventariado, 2025/BT
590 ## - NOTA LOCAL (RLIN)
Nota local La biblioteca posee 1 ejemplares autografiados por la autora.
610 24 - PUNTO DE ACCESO ADICIONAL DE MATERIA--NOMBRE DE ENTIDAD CORPORATIVA
Nombre de entidad corporativa o nombre de jurisdicción como elemento de entrada Biblioteca Alejandro Herrera Rodríguez
9 (RLIN) 87003
650 #7 - PUNTO DE ACCESO ADICIONAL DE MATERIA--TÉRMINO DE MATERIA
Término de materia o nombre geográfico como elemento de entrada Bibliotecas particulares
Subdivisión geográfica República Dominicana
9 (RLIN) 87001
650 #7 - PUNTO DE ACCESO ADICIONAL DE MATERIA--TÉRMINO DE MATERIA
Término de materia o nombre geográfico como elemento de entrada Administración de bibliotecas
Subdivisión geográfica República Dominicana
9 (RLIN) 87004
650 #7 - PUNTO DE ACCESO ADICIONAL DE MATERIA--TÉRMINO DE MATERIA
Término de materia o nombre geográfico como elemento de entrada Automatización de bibliotecas
9 (RLIN) 43194
700 1# - PUNTO DE ACCESO ADICIONAL--NOMBRE DE PERSONA
Nombre de persona Espinal, Reynaldo R.,
Término indicativo de función/relación prologuista
Código de función/relación pr.
9 (RLIN) 87002
700 1# - PUNTO DE ACCESO ADICIONAL--NOMBRE DE PERSONA
Nombre de persona Herrera Rodríguez, Alejandro,
Término indicativo de función/relación presentación
Código de función/relación pr.
9 (RLIN) 83543
910 ## - DATOS DE OPCIÓN DEL USUARIO (OCLC)
Datos de opción del usuario Btavárez./Validado. Control de calidad MFF
942 ## - ELEMENTOS DE PUNTO DE ACCESO ADICIONAL (KOHA)
Fuente del sistema de clasificación o colocación Dewey Decimal Classification
Tipo de ítem Koha Libro
Holdings
Estado de retiro Estado de pérdida Fuente del sistema de clasificación o colocación Restricciones de uso No para préstamo Código de colección Localización permanente Ubicación/localización actual Ubicación en estantería Fecha de adquisición Fuente de adquisición Total de préstamos Signatura topográfica completa Código de barras Fecha visto por última vez Precio válido a partir de Tipo de ítem Koha Número de copia
    Dewey Decimal Classification Excluido de préstamo   Patrimonio Dominicano Biblioteca Nacional Pedro Henríquez Ureña Biblioteca Nacional Pedro Henríquez Ureña Depósito 20.02.2025 Donado por Sabrina Collado   BNPHU PD 027.1 C697b 2025-1102 20.02.2025 20.02.2025 Libro  
    Dewey Decimal Classification Excluido de préstamo   Patrimonio Dominicano Biblioteca Nacional Pedro Henríquez Ureña Biblioteca Nacional Pedro Henríquez Ureña Depósito 13.11.2024 Depósito Legal   BNPHU PD 027.1 C697b 2025-3372 14.04.2025 14.04.2025 Libro e.2
    Dewey Decimal Classification Préstamo en sala   Dominicana de Servicio Biblioteca Nacional Pedro Henríquez Ureña Biblioteca Nacional Pedro Henríquez Ureña Depósito 13.11.2024 Depósito Legal   BNPHU DS 027.1 C697b 2025-3373 14.04.2025 14.04.2025 Libro e.3
    Dewey Decimal Classification Préstamo en sala   Dominicana de Servicio Biblioteca Nacional Pedro Henríquez Ureña Biblioteca Nacional Pedro Henríquez Ureña Depósito 13.11.2024 Depósito Legal   BNPHU DS 027.1 C697b 2025-3374 14.04.2025 14.04.2025 Libro e.4

Powered by Koha